| 000 | 00436cam a2200169ua 4500 | ||
|---|---|---|---|
| 003 | OSt | ||
| 008 | 250320b |||||||| |||| 00| 0 eng d | ||
| 041 | _aeng | ||
| 082 |
_a623.88 _bDAC/ST |
||
| 100 |
_aDage, Johnla . _97322 |
||
| 245 | _aStability and trim for the Ship`s Officer / | ||
| 250 | _a2 / | ||
| 260 |
_aLondon : _bD.Van Nostrand company ,Inc , _c1956. |
||
| 300 | _a216 ; . | ||
| 700 | 1 |
_aGemert, Lee . _97323 |
|
| 942 | _cBK | ||
| 999 |
_c751 _d751 |
||